A guide to crop protection.
| Corporate Author: | |
|---|---|
| Format: | Book |
| Published: |
Prai:
Agricultural Chemicals,
1993.
|
| Edition: | 6th ed.. |
| Subjects: |
| LEADER | 00513cam a2200181 7i4500 | ||
|---|---|---|---|
| 001 | 0000004929 | ||
| 005 | 19991025090000.0 | ||
| 002 | ##000006494 | ||
| 020 | 0 | 0 | |a T000005220 |
| 090 | 0 | 0 | |a M 632.5 |b AGR |
| 110 | 0 | 0 | |a Agricultural chemicals (M) Sdn.Bhd |
| 245 | 0 | 0 | |a A guide to crop protection. |
| 250 | 0 | 0 | |a 6th ed.. |
| 260 | 0 | 0 | |a Prai: |b Agricultural Chemicals, |c 1993. |
| 300 | 0 | 0 | |a 241 p.. |
| 650 | 0 | 0 | |a Plants, protection of -- |z Malaysia |
| 651 | 0 | 0 | |a Malaysia |
| 999 | |a 0000007091 |b Book |c Open shelf |e Business Information Centre | ||